| 000 | 01451cas a2200337 a 4500 | ||
|---|---|---|---|
| 005 | 20170628090136.0 | ||
| 008 | 751103d19731984fr br7p 0 b0fre d | ||
| 022 | 0 | _a0300-5410 | |
| 040 |
_aMnMULS _cMnMULS _dNIC _dNSDP _dm.c. _dNSDP _dOCoLC _dSER _dTxU _dNSDP _dAIP _dNST _dOCoLC _dMH _dNST _dAIP _dDLC _dMH _dNST _dICU _dCO-BoIAVH |
||
| 041 | 0 |
_afre _aeng |
|
| 044 | _afr | ||
| 090 | _aSE | ||
| 245 | 0 | 0 | _aAnnales de microbiologie. |
| 246 | 1 | _aAnnales de l'Institut Pasteur. Microbiologie | |
| 260 | 0 | 0 |
_aParís (Francia) : _bMasson, _c[1973-1984] |
| 300 |
_bilustraciones ; _c25 x 18 cm. |
||
| 310 |
_b1980-1984 _ab |
||
| 321 |
_az _b1973-1979 |
||
| 546 | _aEn inglés y francés | ||
| 550 | 0 | _aÓrgano de la Sociedad Francesa de Microbiología | |
| 650 | 2 | 6 |
_aMicrobiología _vPublicaciones periódicas |
| 650 | 2 | 6 |
_aVirología _vPublicaciones periódicas |
| 710 | 2 | _aInstitut Pasteur (París, Francia) | |
| 710 | 2 | _aCentre national de la recherche scientifique (Francia) | |
| 710 | 2 | _aSociété française de microbiologie | |
| 760 | 0 | _tCollection des Annales de l'Institut Pasteur | |
| 780 | 0 | 0 |
_tAnnales de l'Institut Pasteur _w(DLC)sc 86004000 _w(OCoLC)1695848 _w(ICU)BID=1397385 |
| 785 | 1 | 1 |
_tAnnales de virologie _x0242-5017 _w(DLC)sc 86004005 _w(OCoLC)6732254 |
| 785 | 1 | 1 |
_tAnnales de l'Institut Pasteur. Microbiologie _x0769-2609 _w(DLC)sn 85062276 _w(OCoLC)12005177 _w(ICU)BID=11677751 |
| 942 |
_2z _cREVISTA _s1 |
||
| 999 |
_c19684 _d19684 |
||